NBA Players by Nickname - Statistics

General Stats
  • This quiz has been taken 47 times
  • The average score is 24 of 50
Answer Stats
Nickname Player Career % Correct
Magic Earvin Johnson 1979-1996
95%
The Black Mamba Kobe Bryant 1996-2016
95%
Dr. J Julius Erving 1971-1987
89%
The Answer Allen Iverson 1996-2011
82%
The Mailman Karl Malone 1985-2004
82%
The Big Ticket Kevin Garnett 1995-2016
76%
His Airness Michael Jordan *1984-2003*
76%
Diesel Shaquille O'Neal 1992-2011
74%
The King LeBron James 2003-Present
71%
The Big Fundamental Tim Duncan 1997-2016
71%
The Dream Hakeem Olajuwon 1984-2002
68%
The Truth Paul Pierce 1998-Present
68%
The White Mamba Brian Scalabrine 2001-2012
63%
Air Canada Vince Carter 1998-Present
63%
The Glove Gary Payton 1990-2007
61%
White Chocolate Jason Williams 1990-2005
61%
The Logo Jerry West 1960-1974
61%
The Glide Clyde Drexler 1983-1998
58%
The Human Highlight Reel Dominique Wilkins 1982-1999
58%
Round Mound of Rebound Charles Barkley 1984-2000
55%
Birdman Chris Anderson 1999-Present
55%
The Worm Dennis Rodman 1986-2006
55%
The Admiral David Robinson 1989-2003
53%
The Iceman George Gervin 1972-1990
53%
Pistol Pete Maravich 1970-1980
53%
Big Baby Glen Davis 2007-Present
50%
Tiny Nate Archibald 1970-1984
47%
Grandmama Larry Johnson 1991-2001
45%
The Matrix Shawn Marion 1999-2015
42%
The Big Dipper Wilt Chamberlain 1959-1973
42%
Z-Bo Zach Randolph 2001-Present
42%
Jesus Shuttlesworth Ray Allen 1996-2014
39%
Big Shot Bob Robert Horry 1992-2008
37%
The Reignman Shawn Kemp 1989-2003
37%
The Pearl Earl Monroe 1967-1980
34%
Franchise Steve Francis 1999-2010
34%
Chocolate Thunder Darryl Dawkins 1975-2000
32%
The Great White Hope Larry Bird 1979-1992
29%
Hondo John Havlicek 1962-1978
26%
The Houdini of the Hardwood Bob Cousy 1950-1970
24%
The Polish Hammer Marcin Gortat 2003-Present
24%
The Microwave Vinnie Johnson 1979-1992
21%
The Chief Robert Parish 1976-1997
18%
Caveman Chris Kaman 2003-Present
16%
Big Country Bryant Reeves 1995-2001
13%
Tractor Robert Traylor 1998-2011
13%
Skip to my Lou Rafer Alston 1998-2012
11%
Born Ready Lance Stephenson 2010-Present
8%
Big Nasty Corliss Williamson 1995-2007
0%
Crash Gerald Wallace 2001-Present
0%
No matching quizzes found
Score Distribution
Percent of People with Each Score
Percentile by Number Answered
Your Score History
You have not taken this quiz